000 00870cam a2200277 a 4500
001 2999400
005 20180223081737.0
008 940526s1993 dcu ab 000 0 eng d
010 _a 93071077
020 _a1879694069
035 _a(OCoLC)29624244
040 _aScCM
_cScCM
_dDLC
041 _aeng
042 _alccopycat
043 _an-us---
060 0 _aW1
_bHE474L v.3 1993 [W 20.5 E53 1993]
080 _a610.72073 KEL
082 0 0 _a610.72073 KEL
_220
100 _a3
101 _aSHM
245 0 0 _aEmerging policies for biomedical research /
_cWilliam N. Kelley, Marian Osterweis, Elaine R. Rubin, editors.
504 _aIncludes bibliographical references (p. 259-266).
906 _a7
_bcbc
_ccopycat
_d2
_eopcn
_f19
_gy-gencatlg
942 _2ddc
_cBK
999 _c43300
_d43300